000 00447nam a2200169Ia 4500
003 GCL
008 140319s9999 xx 000 0 eng d
040 _aGCL /
_cGCL
082 0 4 _a326.0973
_bJ M
100 1 _aJONES, HOWARD
245 1 0 _aMUTING AN THE AMISTAD /
_cJONES, HOWARD
260 _a[S.N] :
_bOXFORD UNIVERSITY PRESS ،
_c1987
300 _a271P
650 0 4 _aUNITED STATES - SLAVERY
650 0 4 _aSLAVERY MOVEMENTS
942 _2ddc
_cBK
999 _c19530
_d19530